International journal of purchasing and materials management
Αποθηκεύτηκε σε:
| Συγγραφή απο Οργανισμό/Αρχή: | |
|---|---|
| Μορφή: | Περιοδική έκδοση |
| Γλώσσα: | English |
| Δημοσίευση: |
Tempe, AZ :
National Association of Purchasing Management,
1991-1998.
|
| Θέματα: | |
| Ετικέτες: |
Προσθήκη ετικέτας
Δεν υπάρχουν, Καταχωρήστε ετικέτα πρώτοι!
|
MARC
| LEADER | 00000nas a2200000 i 4500 | ||
|---|---|---|---|
| 001 | 1/52306 | ||
| 008 | 040322c1991 us eng | ||
| 022 | |a 10556001 |y 0094-8594 | ||
| 035 | |l 10072897 | ||
| 040 | |a GR-MY-UA |b gre |e aacr | ||
| 041 | 0 | |a eng | |
| 082 | 0 | |a 658.7205 | |
| 110 | 2 | |a Institute for Supply Management. | |
| 245 | 1 | 0 | |a International journal of purchasing and materials management |h [περιοδικό] / |c National Association of Purcasing Management. |
| 260 | |a Tempe, AZ : |b National Association of Purchasing Management, |c 1991-1998. | ||
| 300 | |a τ. : |b σχ. ; |c 28 εκ. | ||
| 310 | |a Τριμηνιαίο | ||
| 500 | |a Επόμενος τίτλος: Journal of supply chain management. | ||
| 650 | 0 | 0 | |a Purchasing |x Periodicals. |
| 650 | 0 | 0 | |a Materials management |x Periodicals. |
| 650 | 0 | 0 | |a Industrial procurement |x Periodicals. |
| 853 | |a INST |b CHIOS |c SER |h 658.7205 | ||
| 901 | |a BIBL2-2004-1 | ||
| 922 | |a 2ΕΛΗ |b 199101 |c ΚΕΝΤΡΙΚΗ ΒΙΒΛΙΟΘΗΚΗ |d SWETS | ||
| 970 | |a ΣΑΛΑΜΟΥΡΑ |b ΜΑΡΙΑ |z 2004/03/22 | ||